[Event "XIII Konik Morski Rewala - Open A"]
[Site "Rewal"]
[Date "2008.08.26"]
[Round "6"]
[White "Czachor, Grzegorz"]
[Black "Verdaguer Muntanya, Marc"]
[Result "1/2-1/2"]
[WhiteElo "2020"]
[BlackElo "2142"]
[PlyCount "96"]
[EventDate "2008.??.??"]

1. e4 g6 2. d4 Bg7 3. f4 c6 4. Nf3 d5 5. e5 h5 6. Bd3 Nh6 7. Be3 Bf5 8. Qd2 e6
9. Nc3 Nd7 10. Ne2 Bf8 11. h3 Bxd3 12. Qxd3 Nf5 13. Bf2 Qa5+ 14. c3 Be7 15. O-O
Rc8 16. a3 Qb5 17. Qc2 a5 18. a4 Qa6 19. Ng3 Nxg3 20. Bxg3 O-O 21. Bh4 Rfe8 22.
g4 hxg4 23. hxg4 Bxh4 24. Nxh4 Kg7 25. f5 exf5 26. gxf5 Rh8 27. Rf4 g5 28. Qg2
f6 29. Re1 Rce8 30. Rg4 Rhg8 31. Nf3 Qd3 32. e6 Nf8 33. Nxg5 Qxf5 34. Nf7+ Qxg4
35. Qxg4+ Kh7 36. Qxg8+ Kxg8 37. Nd6 Rxe6 38. Rxe6 Nxe6 39. Nxb7 Kf7 40. Nxa5
c5 41. Nc6 Ke8 42. dxc5 Nxc5 43. a5 Kd7 44. Nd4 Na4 45. b4 Nxc3 46. Kf2 Kc7 47.
b5 Kb7 48. Ke3 Nxb5 1/2-1/2

[Event "XIII Konik Morski Rewala - Open A"]
[Site "Rewal"]
[Date "2008.08.26"]
[Round "6"]
[White "Dragun, Kamil"]
[Black "Andrzejewska, Anna"]
[Result "1-0"]
[WhiteElo "2240"]
[BlackElo "1992"]
[PlyCount "159"]
[EventDate "2008.??.??"]

1. e4 e5 2. Nf3 Nc6 3. Bb5 a6 4. Ba4 Nf6 5. O-O Nxe4 6. d4 b5 7. Bb3 d5 8. dxe5
Be6 9. c3 Bc5 10. Nbd2 O-O 11. Bc2 f5 12. exf6 Nxf6 13. Nb3 Bb6 14. Bg5 Qd6 15.
Bh4 Bg4 16. Bg3 Qd7 17. Qd3 Bh5 18. Qf5 Qxf5 19. Bxf5 Rae8 20. Rae1 Rxe1 21.
Rxe1 Re8 22. Rxe8+ Bxe8 23. Ne5 Nxe5 24. Bxe5 Bd7 25. Bxf6 Bxf5 26. Bd4 Bxd4
27. cxd4 Bc8 28. Nc5 a5 29. f3 Kf7 30. Kf2 Kf6 31. Ke3 c6 32. h4 h6 33. a3 g6
34. b4 a4 35. Nd3 Bd7 36. Ne5 Be8 37. Ng4+ Kg7 38. Kf4 h5 39. Ne5 Kf6 40. Nd3
Bd7 41. Nc5 Be8 42. g4 hxg4 43. fxg4 Bf7 44. g5+ Ke7 45. Ke5 Be8 46. Ne6 Bf7
47. Nf4 Be8 48. Ne2 Bf7 49. Nc3 Be8 50. Nd1 Bf7 51. Nf2 Be8 52. Nd3 Bd7 53. Nc1
Be8 54. Ne2 Bd7 55. Nc3 Be8 56. Nd1 Bd7 57. Nf2 Be6 58. Nd3 Bd7 59. Nf4 Be8 60.
Ne6 Bd7 61. Nc5 Be8 62. Nd3 Bd7 63. Ne1 Be8 64. Nf3 Bd7 65. Kf4 Be8 66. Ne5 Ke6
67. Ng4 Bf7 68. Nf6 Kd6 69. Kf3 Ke7 70. Kg4 Be6+ 71. Kf4 Bf7 72. Ke5 Be6 73. h5
gxh5 74. Nxh5 Bg4 75. Nf4 Bd7 76. g6 Be8 77. g7 Bf7 78. Ng6+ Ke8 79. Kf6 Bg8
80. Ne7 1-0

[Event "XIII Konik Morski Rewala - Open A"]
[Site "Rewal"]
[Date "2008.08.26"]
[Round "6"]
[White "Baturo, Tomasz"]
[Black "Palosz, Andrzej"]
[Result "1/2-1/2"]
[WhiteElo "2059"]
[BlackElo "2148"]
[PlyCount "75"]
[EventDate "2008.??.??"]

1. e4 c5 2. Nf3 Nc6 3. d4 cxd4 4. Nxd4 g6 5. Nc3 Bg7 6. Nde2 d6 7. g3 Bg4 8.
Bg2 Nd4 9. Qd3 Nxe2 10. Nxe2 Qb6 11. c3 Nf6 12. O-O Rc8 13. a4 a5 14. Nd4 Nd7
15. h3 Nc5 16. Qb1 Bd7 17. Be3 e5 18. Ne2 Qb3 19. Bxc5 dxc5 20. Ra3 Qe6 21. b3
c4 22. b4 O-O 23. Rd1 Rfd8 24. Rd5 axb4 25. cxb4 Bc6 26. Rxd8+ Rxd8 27. b5 Qd6
28. Rc3 Qd1+ 29. Qxd1 Rxd1+ 30. Kh2 Bd7 31. Rxc4 Rd2 32. Bf3 Bf8 33. Kg2 b6 34.
Rc7 Bc5 35. a5 Bxb5 36. axb6 Bxb6 37. Rb7 Bxe2 38. Rxb6 1/2-1/2

[Event "XIII Konik Morski Rewala - Open A"]
[Site "Rewal"]
[Date "2008.08.26"]
[Round "6"]
[White "Hermanowicz, Dominika"]
[Black "Spicak, Krzysztof"]
[Result "0-1"]
[WhiteElo "2118"]
[BlackElo "2011"]
[PlyCount "64"]
[EventDate "2008.??.??"]

1. e4 e6 2. d4 d5 3. Nc3 Bb4 4. Nge2 Nf6 5. e5 Nfd7 6. a3 Be7 7. Ng3 g6 8. f4
c5 9. dxc5 Bxc5 10. Bd3 Nc6 11. b4 Bd4 12. Nge2 Bb6 13. Na4 Bc7 14. O-O O-O 15.
Ng3 Qh4 16. b5 Ncxe5 17. fxe5 Qxa4 18. Bh6 Bxe5 19. Bxf8 Nxf8 20. Qf3 f5 21.
Rae1 Bg7 22. Kh1 Bd7 23. c4 dxc4 24. Qxb7 Re8 25. Be2 c3 26. Bd3 c2 27. Rc1 Rc8
28. Rf2 Qxa3 29. Rcxc2 Rxc2 30. Bxc2 Qc1+ 31. Nf1 Bd4 32. Rf4 Qxf4 0-1

[Event "XIII Konik Morski Rewala - Open A"]
[Site "Rewal"]
[Date "2008.08.26"]
[Round "6"]
[White "Czartoryski, Pawel"]
[Black "Szymanowska, Lena"]
[Result "1/2-1/2"]
[WhiteElo "2089"]
[BlackElo "1932"]
[PlyCount "33"]
[EventDate "2008.??.??"]

1. e4 c6 2. d4 d5 3. Nc3 dxe4 4. Nxe4 Bf5 5. Ng3 Bg6 6. h4 h6 7. h5 Bh7 8. Bd3
Bxd3 9. Qxd3 Qa5+ 10. c3 Qa6 11. Qxa6 Nxa6 12. Nf3 Nf6 13. Be3 e6 14. Ne5 Be7
15. O-O O-O 16. Rad1 Rfd8 17. f4 1/2-1/2

[Event "XIII Konik Morski Rewala - Open A"]
[Site "Rewal"]
[Date "2008.08.26"]
[Round "6"]
[White "Knap, Jerzy"]
[Black "Zierke, Oliver"]
[Result "0-1"]
[WhiteElo "1974"]
[BlackElo "2327"]
[PlyCount "104"]
[EventDate "2008.??.??"]

1. d4 Nf6 2. c4 c5 3. d5 e6 4. Nc3 exd5 5. cxd5 d6 6. Nf3 g6 7. e4 Bg7 8. Bd3
O-O 9. O-O Bg4 10. h3 Bxf3 11. Qxf3 a6 12. a4 Nbd7 13. Bf4 Qc7 14. Rac1 Rfe8
15. Qd1 Rac8 16. b3 Ne5 17. Re1 Nxd3 18. Qxd3 Nd7 19. Qd2 Ne5 20. Nb1 b5 21.
axb5 axb5 22. Na3 Qb6 23. Nc2 c4 24. bxc4 Rxc4 25. Na3 Rd4 26. Qe2 Nd3 27. Be3
Nxc1 28. Rxc1 Rdxe4 29. Qxb5 Qxb5 30. Nxb5 Be5 31. g4 Rb4 32. Na7 Bd4 33. Nc6
Bxe3 34. fxe3 Rbe4 35. Re1 Rxe3 36. Rxe3 Rxe3 37. Kg2 Rd3 38. Nb4 Rb3 39. Nc6
Kf8 40. Nd4 Rd3 41. Nf3 Rxd5 42. Kf2 Rd3 43. Ke2 Rxf3 44. Kxf3 Ke7 45. Ke4 h6
46. h4 Ke6 47. Kf4 f5 48. gxf5+ gxf5 49. h5 d5 50. Ke3 Ke5 51. Ke2 Kf4 52. Kf2
d4 0-1

[Event "XIII Konik Morski Rewala - Open A"]
[Site "Rewal"]
[Date "2008.08.26"]
[Round "6"]
[White "Cagara, Paulina"]
[Black "Kotermanska, Anna"]
[Result "1-0"]
[WhiteElo "2078"]
[BlackElo "1967"]
[PlyCount "75"]
[EventDate "2008.??.??"]

1. f4 Nf6 2. Nf3 g6 3. g3 Bg7 4. Bg2 O-O 5. O-O d6 6. d3 c5 7. e4 Nc6 8. Nc3
Rb8 9. h3 Bd7 10. g4 b5 11. Ne2 Qc7 12. Ng3 a5 13. Nh4 a4 14. Bd2 a3 15. b3 Ne8
16. Rb1 Nb4 17. Bxb4 cxb4 18. d4 Rc8 19. Rf2 Qc3 20. Nf3 Nf6 21. Qd2 Rc7 22. g5
Nh5 23. Nxh5 gxh5 24. Qxc3 Rxc3 25. Rd1 Rfc8 26. Rdd2 h6 27. Bf1 R8c7 28. Kg2
hxg5 29. fxg5 f6 30. gxf6 Bxf6 31. Bd3 Bc6 32. Kh2 Kh8 33. Rg2 Rc8 34. Ng5 Rf8
35. Ne6 Rf7 36. Rg6 Bxd4 37. Nxd4 e5 38. Nf5 1-0

[Event "XIII Konik Morski Rewala - Open A"]
[Site "Rewal"]
[Date "2008.08.26"]
[Round "6"]
[White "Czachor, Radoslaw"]
[Black "Grochowalski, Pawel"]
[Result "1/2-1/2"]
[WhiteElo "2127"]
[BlackElo "2121"]
[PlyCount "85"]
[EventDate "2008.??.??"]

1. e4 c5 2. Nf3 d6 3. d4 cxd4 4. Nxd4 Nf6 5. Nc3 Nc6 6. Be2 g6 7. Be3 Bg7 8.
O-O O-O 9. f4 Bd7 10. Kh1 a6 11. a4 Rc8 12. Bg1 Re8 13. Qd2 Nxd4 14. Bxd4 Qa5
15. Qe3 Bc6 16. b4 Qxb4 17. Rfb1 Nd5 18. exd5 Qxd4 19. Qxd4 Bxd4 20. dxc6 Rxc6
21. Rxb7 Bxc3 22. Rd1 Bf6 23. Bd3 Ra8 24. g4 h6 25. f5 g5 26. Re1 Rc5 27. Re4
Kg7 28. Rc4 Rac8 29. Rxc5 Rxc5 30. Rb6 a5 31. Kg2 Bd4 32. Rb5 Rxb5 33. Bxb5 Kf6
34. Kf3 Ke5 35. Be8 e6 36. Bxf7 exf5 37. gxf5 Kxf5 38. h3 Kf6 39. Be8 Ke5 40.
Kg4 Ke4 41. h4 gxh4 42. Kxh4 Ke5 43. Bb5 1/2-1/2

[Event "XIII Konik Morski Rewala - Open A"]
[Site "Rewal"]
[Date "2008.08.26"]
[Round "6"]
[White "Puczylowski, Marcin"]
[Black "Nicolo, Filippo"]
[Result "1/2-1/2"]
[WhiteElo "1958"]
[BlackElo "2125"]
[PlyCount "80"]
[EventDate "2008.??.??"]

1. e4 e6 2. d4 d5 3. Nc3 Bb4 4. e5 c5 5. a3 Bxc3+ 6. bxc3 Qc7 7. Qg4 f6 8. Bd3
f5 9. Qg3 c4 10. Be2 Qf7 11. Nh3 Ne7 12. Ng5 Qg8 13. h4 h6 14. Nh3 g6 15. a4
Nbc6 16. f4 Bd7 17. Ba3 O-O-O 18. Kd2 Qf7 19. Rhb1 Rdg8 20. a5 Qe8 21. Qe1 Nd8
22. Qc1 Nf7 23. Bc5 a6 24. Qa3 Nc6 25. Qb2 Ncd8 26. Qb6 Bb5 27. Rh1 Qc6 28. Qa7
Kd7 29. Rag1 Qc7 30. Bb4 h5 31. Rb1 Nh6 32. g3 Ndf7 33. Rb2 Ra8 34. Qc5 Qxc5
35. Bxc5 Ng4 36. Bxg4 hxg4 37. Ng5 Nxg5 38. fxg5 Rag8 39. Ke3 Rh5 40. Kf4 Ra8
1/2-1/2

[Event "XIII Konik Morski Rewala - Open A"]
[Site "Rewal"]
[Date "2008.08.27"]
[Round "7"]
[White "Zhigalko, Andrey"]
[Black "Wieczorek, Oskar"]
[Result "1/2-1/2"]
[WhiteElo "2551"]
[BlackElo "2232"]
[PlyCount "0"]
[EventDate "2008.??.??"]

1. Nf3 Nf6 2. g3 g6 3. Bg2 Bg7 4. O-O O-O 5. c4 d6 6. Nc3 Nc6 7. Rb1 a5 8. d3
e5 9. Bg5 h6 10. Bxf6 Bxf6 11. a3 Ne7 12. Nd2 Bg7 13. Nd5 c6 14. Nxe7+ Qxe7 15.
b4 axb4 16. axb4 Be6 17. Qb3 Rfd8 18. Rfc1 d5 19. b5 Ra3 20. Qc2 e4 21. bxc6
1/2-1/2

[Event "XIII Konik Morski Rewala - Open A"]
[Site "Rewal"]
[Date "2008.08.27"]
[Round "7"]
[White "Koziak, Vitali"]
[Black "Orzech, Dominik"]
[Result "1-0"]
[WhiteElo "2489"]
[BlackElo "2472"]
[PlyCount "0"]
[EventDate "2008.??.??"]

1. d4 d5 2. c4 c6 3. Nc3 Nf6 4. e3 g6 5. Nf3 Bg7 6. Be2 O-O 7. O-O b6 8. a4 Ba6
9. b3 c5 10. Ba3 cxd4 11. Nxd4 Bb7 12. Bf3 Re8 13. cxd5 Nxd5 14. Ndb5 e6 15.
Nxd5 Bxd5 16. Nd6 Re7 17. Bxd5 exd5 18. Qxd5 Nd7 19. Nf5 Re5 20. Ne7+ Kh8 21.
Qxf7 Rh5 22. Rad1 Qb8 23. Bd6 Qb7 24. Rd2 Rd8 25. Bg3 Qe4 26. Rxd7 Bf8 1-0

[Event "XIII Konik Morski Rewala - Open A"]
[Site "Rewal"]
[Date "2008.08.27"]
[Round "7"]
[White "Czerwonski, Aleksander"]
[Black "Cyborowski, Lukasz"]
[Result "1/2-1/2"]
[WhiteElo "2414"]
[BlackElo "2546"]
[PlyCount "0"]
[EventDate "2008.??.??"]

1. c4 c5 2. Nc3 Nf6 3. g3 Nc6 4. Bg2 g6 5. Qa4 Bg7 6. a3 a5 7. Rb1 O-O 8. Nd5
d6 9. Nxf6+ Bxf6 10. Bxc6 bxc6 11. Qxc6 Rb8 12. Nf3 Rb3 13. d3 Bb7 14. Qa4 Bxf3
15. exf3 Qb6 16. O-O Rxd3 17. b4 axb4 18. axb4 Rxf3 19. Bh6 Bg7 20. Bxg7 Kxg7
21. bxc5 Qxc5 22. Rb7 e6 23. Rd7 Rb8 24. Qd1 Rc3 25. Qxd6 Qxd6 26. Rxd6 Rxc4
27. h4 Rb2 28. Rd7 h6 29. Kg2 g5 30. hxg5 hxg5 31. Rd3 g4 32. Re3 Kg6 33. Re5
Kf6 34. Ree1 Rcb4 35. Re3 Rc4 36. Ree1 e5 37. Rb1 Rbc2 38. Rb6+ Kg7 39. Re1 f6
40. Ra1 R2c3 41. Ra2 Kg6 42. Ra8 Rc6 43. Rg8+ Kf5 44. Rxc6 Rxc6 45. Ra8 Rd6 46.
Ra4 Rd4 47. Ra6 Rd5 48. Kf1 Rb5 49. Ke2 Kg5 50. Ra8 Rb2+ 51. Ke3 Rb3+ 52. Ke2
Rf3 53. Rg8+ Kf5 54. Ra8 e4 55. Ra5+ Kg6 56. Ra4 f5 57. Ra6+ Kg5 58. Re6 Ra3
59. Kd2 Ra8 1/2-1/2

[Event "XIII Konik Morski Rewala - Open A"]
[Site "Rewal"]
[Date "2008.08.27"]
[Round "7"]
[White "Bronowicki, Mateusz"]
[Black "Nester, Ihor"]
[Result "1/2-1/2"]
[WhiteElo "2326"]
[BlackElo "2385"]
[PlyCount "0"]
[EventDate "2008.??.??"]

1. d4 d5 2. c4 dxc4 3. Nf3 Nf6 4. e3 e6 5. Bxc4 a6 6. O-O Nbd7 7. Bb3 b5 8. a4
b4 9. Nbd2 Bb7 10. e4 Be7 11. e5 Nd5 12. Nc4 a5 13. Nfd2 N7b6 14. Qg4 g6 15.
Ne4 h5 16. Qe2 Nxc4 17. Bxc4 Nb6 18. Bb5+ Kf8 19. Nc5 Bd5 20. Be3 c6 21. Bd3
Nd7 22. Ne4 Kg7 23. Rfc1 Qf8 24. Bf4 c5 25. Bb5 Rd8 26. Bxd7 Bxe4 27. Qxe4 Rxd7
28. dxc5 Bxc5 29. Qc6 Rd5 30. Rd1 Bd4 31. Bg5 Qc8 32. Bf6+ Kh7 33. Qc1 Qxc1 34.
Raxc1 Re8 35. b3 Bxe5 36. Rxd5 exd5 37. Bxe5 Rxe5 38. Kf1 d4 39. Rd1 Re4 40. f3
Re3 41. Rxd4 Rxb3 42. Rd5 Ra3 43. Rxa5 Ra2 44. Rb5 Rxa4 45. h4 Kg7 46. Rb6 Kf8
47. Rb7 Ke8 48. Kf2 Ra2+ 49. Kg3 Rb2 50. Kh3 b3 51. g4 hxg4+ 52. fxg4 Rb1 53.
Kg2 Kf8 54. Kh2 Kg7 55. Rb6 f5 56. h5 b2 57. h6+ Kxh6 58. gxf5 Rc1 59. Rxb2
gxf5 60. Rb3 Kg5 61. Kg2 Kg4 62. Kf2 Rc2+ 63. Kf1 f4 64. Ra3 Rb2 1/2-1/2

[Event "XIII Konik Morski Rewala - Open A"]
[Site "Rewal"]
[Date "2008.08.27"]
[Round "7"]
[White "Rutkowski, Maciej"]
[Black "Swicarz, Maciej"]
[Result "0-1"]
[WhiteElo "2380"]
[BlackElo "2284"]
[PlyCount "0"]
[EventDate "2008.??.??"]

1. e4 c5 2. Nf3 e6 3. d4 cxd4 4. Nxd4 Nf6 5. Nc3 Nc6 6. Ndb5 d6 7. Bf4 e5 8.
Bg5 a6 9. Na3 b5 10. Nd5 Be7 11. Bxf6 Bxf6 12. c4 b4 13. Nc2 a5 14. g3 Bg5 15.
Bg2 Ne7 16. Nde3 O-O 17. O-O Qb6 18. Qd3 Ra6 19. Rad1 g6 20. f4 Bh6 21. Kh1 Qc5
22. Qe2 Bg7 23. b3 exf4 24. gxf4 Re8 25. Nd5 Nxd5 26. Rxd5 Qc7 27. Rdd1 Bb7 28.
Qd3 Qe7 29. Rde1 Rc6 30. Nd4 Rc5 31. Nb5 d5 32. exd5 Qxe1 33. Rxe1 Rxe1+ 34.
Bf1 Rxb5 35. cxb5 Rxf1+ 36. Kg2 Rxf4 37. b6 Rf5 38. Qe3 Bxd5+ 39. Kg1 h5 40. h4
Bf6 41. Qe8+ Kg7 42. Qd7 Bd4+ 43. Kh2 Rf2+ 44. Kg1 Rf4+ 0-1

[Event "XIII Konik Morski Rewala - Open A"]
[Site "Rewal"]
[Date "2008.08.27"]
[Round "7"]
[White "Sochacki, Wojtek"]
[Black "Sievers, Stefan"]
[Result "1-0"]
[WhiteElo "2239"]
[BlackElo "2363"]
[PlyCount "0"]
[EventDate "2008.??.??"]

1. e4 c5 2. Nf3 g6 3. d4 cxd4 4. Nxd4 Nc6 5. c4 Nf6 6. Nc3 Bg7 7. Nc2 O-O 8.
Be2 d6 9. Be3 Nd7 10. Qd2 Nc5 11. f3 Qa5 12. Rb1 Bxc3 13. bxc3 Qxa2 14. O-O Qa5
15. Nb4 Qd8 16. Rfd1 Be6 17. Nxc6 bxc6 18. e5 Bf5 19. Rb2 a5 20. g4 Be6 21.
exd6 exd6 22. Bh6 Re8 23. Qf4 f6 24. Rxd6 Qe7 25. g5 fxg5 26. Bxg5 Qf7 27. Rxc6
Qxf4 28. Bxf4 Rec8 29. Rxc8+ Rxc8 30. Rb5 a4 31. Ra5 Bd7 32. Be3 Nb3 33. Ra7
Bc6 34. c5 h5 35. Bc4+ Kh8 36. Bh6 Ra8 37. Rc7 Bxf3 38. Bg7+ Kh7 39. Bf6+ Kh6
40. h4 g5 41. Bf1 1-0

[Event "XIII Konik Morski Rewala - Open A"]
[Site "Rewal"]
[Date "2008.08.27"]
[Round "7"]
[White "Wieczorek, Zbigniew"]
[Black "Matuszewski, Michal"]
[Result "1/2-1/2"]
[WhiteElo "2317"]
[BlackElo "2233"]
[PlyCount "121"]
[EventDate "2008.??.??"]

1. Nf3 f5 2. d3 g6 3. e4 fxe4 4. dxe4 Bg7 5. h4 d6 6. h5 Nc6 7. hxg6 hxg6 8.
Rxh8 Bxh8 9. Nh4 Ne5 10. f4 Bg4 11. Be2 e6 12. g3 Bf6 13. Bxg4 Bxh4 14. Kf2 Nf6
15. fxe5 Nxe4+ 16. Kf3 Nxg3 17. Bf4 Nf5 18. Bxf5 gxf5 19. Ke3 dxe5 20. Qh5+ Kd7
21. Bxe5 Qg5+ 22. Qxg5 Bxg5+ 23. Kf3 Kc6 24. Nc3 Rd8 25. Rg1 Be7 26. Rg6 Bd6
27. Kf4 Re8 28. Ne2 Kd5 29. Nc3+ Kc6 30. b3 b5 31. Nd1 a5 32. c3 Re7 33. Ne3 a4
34. b4 Kd7 35. Rh6 Rg7 36. Rh1 a3 37. Rd1 Rh7 38. Nc2 Rh4+ 39. Kg5 Rh3 40. Nxa3
Kc6 41. Bxd6 cxd6 42. Nc2 e5 43. Kxf5 Rxc3 44. Rd2 Rh3 45. Re2 Rh4 46. a3 Rh5+
47. Kg4 Rh1 48. Ne3 Ra1 49. Rc2+ Kd7 50. Rc3 Ke6 51. Kf3 Ra2 52. Rd3 Rh2 53.
Kg3 Rh7 54. Nd5 Rd7 55. Kf3 Kf5 56. Ke3 e4 57. Rb3 Ke5 58. Nc3 Rh7 59. Kd2 Rh3
60. Kc2 Rh1 61. Kd2 1/2-1/2

[Event "XIII Konik Morski Rewala - Open A"]
[Site "Rewal"]
[Date "2008.08.27"]
[Round "7"]
[White "Brodowski, Piotr"]
[Black "Sochacki, Christophe"]
[Result "1-0"]
[WhiteElo "2424"]
[BlackElo "2221"]
[PlyCount "74"]
[EventDate "2008.??.??"]

1. Nf3 Nf6 2. c4 e6 3. b3 b6 4. Bb2 Bb7 5. d3 d6 6. e4 Nbd7 7. g3 g6 8. Bg2 Bg7
9. Qe2 O-O 10. O-O e5 11. Nc3 Nc5 12. h3 Re8 13. Qd2 Qd7 14. Rae1 Ne6 15. Ne2
c5 16. Nh4 Qd8 17. f4 Nh5 18. f5 Nd4 19. Nxd4 exd4 20. Qf2 g5 21. Nf3 h6 22.
Bc1 Be5 23. Nxe5 dxe5 24. Qf3 Nf6 25. h4 g4 26. Qe2 Kg7 27. b4 Rb8 28. Bd2 Bc6
29. Rb1 Ba4 30. Rb2 cxb4 31. Rxb4 Qd7 32. Rfb1 Qc6 33. Kh2 Bc2 34. Bxh6+ Kxh6
35. Qxc2 Kg7 36. Qd2 Kh7 37. Bf1 Rg8 1-0

[Event "XIII Konik Morski Rewala - Open A"]
[Site "Rewal"]
[Date "2008.08.27"]
[Round "7"]
[White "Ni, Viktorija"]
[Black "Chojnacki, Krzysztof"]
[Result "0-1"]
[WhiteElo "2129"]
[BlackElo "2416"]
[PlyCount "82"]
[EventDate "2008.??.??"]

1. d4 Nf6 2. c4 g6 3. Nc3 Bg7 4. e4 d6 5. Nf3 O-O 6. h3 e5 7. d5 a5 8. Bg5 Na6
9. Nd2 h6 10. Be3 Nc5 11. a3 Nh5 12. g3 c6 13. Be2 Nf6 14. b4 axb4 15. axb4
Rxa1 16. Qxa1 Na6 17. Qb1 Nd7 18. Bg4 h5 19. Be2 c5 20. b5 Nb4 21. Na2 Nxa2 22.
Qxa2 f5 23. Nf3 f4 24. Bc1 Nf6 25. Bd3 fxg3 26. fxg3 Nxd5 27. Qg2 Nb4 28. Bb1
Be6 29. Qe2 Qa5 30. Kf2 Qa4 31. Kg2 Qb3 32. Nd2 Qc3 33. g4 hxg4 34. hxg4 Rf4
35. Nf3 Bxc4 36. Qf2 Rxg4+ 37. Kh2 Nd3 38. Qe3 Nf4 39. Rd1 Qxe3 40. Bxe3 Be2
41. Rxd6 Rg2+ 0-1

[Event "XIII Konik Morski Rewala - Open A"]
[Site "Rewal"]
[Date "2008.08.27"]
[Round "7"]
[White "Mazurkiewicz, Michal"]
[Black "Lahiri, Atanu"]
[Result "0-1"]
[WhiteElo "2239"]
[BlackElo "2338"]
[PlyCount "28"]
[EventDate "2008.??.??"]

1. e4 e6 2. d3 d5 3. Nd2 Nf6 4. g3 dxe4 5. dxe4 e5 6. Ngf3 Nc6 7. Bc4 Bc5 8.
O-O O-O 9. c3 Bh3 10. Re1 Ng4 11. Re2 Qf6 12. b4 Bb6 13. a4 Rfd8 14. a5 Qxf3
0-1

[Event "XIII Konik Morski Rewala - Open A"]
[Site "Rewal"]
[Date "2008.08.27"]
[Round "7"]
[White "Meyer, Falko"]
[Black "Kucypera, Malgorzata"]
[Result "1-0"]
[WhiteElo "2305"]
[BlackElo "2081"]
[PlyCount "57"]
[EventDate "2008.??.??"]

1. e4 c5 2. Nf3 Nc6 3. d3 Nf6 4. Nbd2 d5 5. c3 e5 6. g3 Be7 7. Bg2 O-O 8. O-O
dxe4 9. dxe4 Qc7 10. Qc2 h6 11. Re1 Be6 12. Nf1 Rfd8 13. Ne3 c4 14. Nh4 b5 15.
Nhf5 Bf8 16. Qe2 Kh7 17. a4 b4 18. Nd5 Nxd5 19. exd5 Rxd5 20. Bxd5 Bxd5 21. Ne3
Be6 22. Nxc4 Re8 23. Nxe5 Bf5 24. Bf4 Bd6 25. Qh5 Nxe5 26. Qxf5+ g6 27. Qe4
bxc3 28. Bxe5 cxb2 29. Bxd6 1-0

[Event "XIII Konik Morski Rewala - Open A"]
[Site "Rewal"]
[Date "2008.08.27"]
[Round "7"]
[White "Michna, Christian"]
[Black "Nasuta, Grzegorz"]
[Result "0-1"]
[WhiteElo "2304"]
[BlackElo "1959"]
[PlyCount "102"]
[EventDate "2008.??.??"]

1. e4 c5 2. c3 d5 3. exd5 Qxd5 4. d4 Nf6 5. Nf3 Bg4 6. dxc5 Qxc5 7. Na3 a6 8.
h3 Bf5 9. Be3 Qc7 10. Bd3 Bxd3 11. Qxd3 e5 12. Qc4 Nc6 13. Nc2 Bd6 14. O-O Nd4
15. Qxc7 Nxf3+ 16. gxf3 Bxc7 17. Bg5 O-O-O 18. Bxf6 gxf6 19. Rfd1 Rxd1+ 20.
Rxd1 Rd8 21. Rxd8+ Kxd8 22. Ne3 Kd7 23. Nf5 Ke6 24. Ng7+ Kd5 25. Kf1 Bd6 26.
Ke2 Bf8 27. Nf5 Ke6 28. Ne3 f5 29. a4 f4 30. Nc4 Kd5 31. Nb6+ Kc6 32. Nc4 Bg7
33. a5 f5 34. Kd3 Bf6 35. b3 Kd5 36. Nb6+ Kd6 37. c4 Bh4 38. b4 Bxf2 39. Nd5
Bh4 40. Nb6 Bd8 41. Nd5 Kd7 42. Nc3 Be7 43. Nd5 h6 44. Nb6+ Ke6 45. Nd5 Bd6 46.
Ke2 e4 47. fxe4 fxe4 48. Nc3 Ke5 49. c5 Be7 50. Nb1 Kd4 51. b5 Bxc5 0-1

[Event "XIII Konik Morski Rewala - Open A"]
[Site "Rewal"]
[Date "2008.08.27"]
[Round "7"]
[White "Spicak, Krzysztof"]
[Black "Dragun, Kamil"]
[Result "0-1"]
[WhiteElo "2011"]
[BlackElo "2240"]
[PlyCount "80"]
[EventDate "2008.??.??"]

1. b4 Nf6 2. Bb2 e6 3. a3 b6 4. f4 Bb7 5. e3 d5 6. Nf3 Nbd7 7. b5 Bd6 8. Be2
Qe7 9. Ne5 O-O 10. O-O Nc5 11. a4 Nfd7 12. d4 Ne4 13. Nd2 Nxd2 14. Qxd2 f6 15.
Nxd7 Qxd7 16. c4 a6 17. Qc2 dxc4 18. Bxc4 axb5 19. axb5 Kh8 20. Qb3 Rae8 21.
Rad1 Qe7 22. Kh1 Qf7 23. Qc2 f5 24. Be2 Bd5 25. Ra1 Ra8 26. Qc3 Qe7 27. Rxa8
Rxa8 28. Bf3 Qd7 29. Be2 h6 30. Kg1 Qe7 31. Bf3 Ra5 32. Be2 Qe8 33. Qd3 Ra2 34.
Bc3 Ra3 35. Qc2 Qa8 36. Rf2 Be4 37. Qc1 Rb3 38. Bf1 Rb1 39. Qd2 Qd5 40. h4 Qxb5
0-1

[Event "XIII Konik Morski Rewala - Open A"]
[Site "Rewal"]
[Date "2008.08.27"]
[Round "7"]
[White "Verdaguer Muntanya, Marc"]
[Black "Klim, Kamil"]
[Result "1-0"]
[WhiteElo "2142"]
[BlackElo "2181"]
[PlyCount "139"]
[EventDate "2008.??.??"]

1. e4 c5 2. Nf3 Nc6 3. d4 cxd4 4. Nxd4 Nf6 5. Nc3 d6 6. Bg5 e6 7. Qd2 a6 8.
O-O-O Bd7 9. f4 b5 10. Nxc6 Bxc6 11. Qe1 Be7 12. e5 Nd5 13. Bxe7 Qxe7 14. Ne4
dxe5 15. fxe5 O-O 16. Qg3 Kh8 17. Kb1 b4 18. Bd3 a5 19. Qg5 Qxg5 20. Nxg5 Ne3
21. Rd2 h6 22. Be4 Nc4 23. Rd4 Nxe5 24. Bxc6 Nxc6 25. Rd6 hxg5 26. Rxc6 Rfc8
27. Rd6 Rd8 28. Rhd1 Rxd6 29. Rxd6 g6 30. c4 bxc3 31. bxc3 Kg7 32. Kc2 Kf6 33.
Kd3 g4 34. c4 Ke7 35. Rb6 Rh8 36. Rb7+ Kd6 37. Rxf7 Rxh2 38. Rf2 g5 39. Rc2 Rh1
40. c5+ Kc6 41. Rc4 Rd1+ 42. Kc2 Rd5 43. Rxg4 Kxc5 44. Re4 Kd6 45. Kc3 Rf5 46.
Rg4 Ke5 47. Kd3 Kf6 48. Ra4 Rd5+ 49. Ke3 Kf5 50. Ke2 Rc5 51. Ke3 Rd5 52. Ke2 g4
53. Kf2 e5 54. Ke3 Rc5 55. g3 Rc2 56. Rxa5 Rg2 57. Ra8 Rxg3+ 58. Kf2 Rf3+ 59.
Kg2 e4 60. a4 Kf4 61. Rf8+ Ke3 62. Rg8 Ke2 63. Rxg4 Rf2+ 64. Kg1 e3 65. Rb4 Kf3
66. Rb8 Rg2+ 67. Kh1 Ra2 68. Rf8+ Kg3 69. Rg8+ Kf2 70. Rg2+ 1-0

[Event "XIII Konik Morski Rewala - Open A"]
[Site "Rewal"]
[Date "2008.08.27"]
[Round "7"]
[White "Palosz, Andrzej"]
[Black "Demidowicz, Maria"]
[Result "1-0"]
[WhiteElo "2148"]
[BlackElo "2032"]
[PlyCount "51"]
[EventDate "2008.??.??"]

1. e4 c5 2. Nc3 a6 3. Nge2 d6 4. g3 b5 5. Bg2 Bb7 6. d3 Nd7 7. O-O e6 8. Be3
Ngf6 9. h3 Be7 10. f4 Qc7 11. Qd2 h5 12. Rae1 c4 13. Nd4 b4 14. Nd1 a5 15. e5
dxe5 16. fxe5 Nd5 17. Nb5 Qc6 18. dxc4 Qxc4 19. Nd6+ Bxd6 20. exd6 Rc8 21. Bd4
Qxc2 22. Qg5 N7f6 23. Qxg7 Rg8 24. d7+ Kxd7 25. Qxf7+ Ne7 26. Qxe6+ 1-0

[Event "XIII Konik Morski Rewala - Open A"]
[Site "Rewal"]
[Date "2008.08.27"]
[Round "7"]
[White "Siwiec, Arkadiusz"]
[Black "Andrzejewska, Anna"]
[Result "1-0"]
[WhiteElo "2096"]
[BlackElo "1992"]
[PlyCount "71"]
[EventDate "2008.??.??"]

1. e4 e5 2. Nf3 Nc6 3. Bb5 a6 4. Ba4 Nf6 5. O-O Nxe4 6. d4 b5 7. Bb3 d5 8. dxe5
Be6 9. Nbd2 Nc5 10. c3 Bg4 11. Bc2 Ne6 12. Re1 Bc5 13. h3 Bh5 14. Nf1 O-O 15.
Ng3 Bg6 16. Be3 Bxe3 17. Rxe3 Ne7 18. Nd4 Bxc2 19. Qxc2 c5 20. Ndf5 Nc6 21. Nh5
g6 22. Nf6+ Kh8 23. f4 Ng7 24. Nd6 Ne7 25. Rd3 c4 26. Rdd1 Qb6+ 27. Qf2 Qxf2+
28. Kxf2 Ne6 29. Kf3 Nc7 30. Nd7 Kg7 31. Nxf8 Kxf8 32. h4 Rb8 33. h5 Rb6 34.
hxg6 hxg6 35. Rh1 Kg7 36. Rh2 1-0

[Event "XIII Konik Morski Rewala - Open A"]
[Site "Rewal"]
[Date "2008.08.27"]
[Round "7"]
[White "Szymanowska, Lena"]
[Black "Cagara, Paulina"]
[Result "1/2-1/2"]
[WhiteElo "1932"]
[BlackElo "2078"]
[PlyCount "83"]
[EventDate "2008.??.??"]

1. e4 c6 2. d4 d5 3. exd5 cxd5 4. Bd3 Nc6 5. c3 g6 6. h3 Nh6 7. Nf3 Bf5 8. O-O
Bg7 9. Re1 O-O 10. Bxh6 Bxh6 11. Bxf5 gxf5 12. Nbd2 e6 13. Qb3 Qc7 14. Rad1 Kh8
15. Ne5 Nxe5 16. Rxe5 Rg8 17. Nf1 Rg6 18. Rd3 Bf4 19. Re2 Rag8 20. f3 a6 21.
Qd1 h5 22. Qe1 Qc4 23. Rd1 Kh7 24. b3 Qc7 25. Rc2 b5 26. Ra1 b4 27. c4 dxc4 28.
Qxb4 c3 29. Re1 Rc8 30. Rd1 Rgg8 31. Rd3 Bd6 32. Qxc3 Qb6 33. Qd2 Bb4 34. Qe2
Rxc2 35. Qxc2 Rd8 36. Qd1 Rxd4 37. Rxd4 Bc5 38. Kh1 Bxd4 39. f4 Kh6 40. Ng3 Bf2
41. Qxh5+ Kg7 42. Qg5+ 1/2-1/2